[Event "SC Noris-Tarrasch N 1873 e.V. 3-SG Büche"]
[Site "?"]
[Date "2012.10.21"]
[Round "2.1"]
[White "Herning, Jens"]
[Black "Martin, Thomas"]
[Result "0-1"]
[WhiteElo "2123"]
[BlackElo "2205"]
[PlyCount "110"]
[EventDate "2012.??.??"]
[WhiteTeam "SG Büchenbach/Roth e.V. 1"]
[BlackTeam "SC Noris-Tarrasch N 1873 e.V. 3"]

1. d4 g6 2. c4 Bg7 3. Nf3 d6 4. Nc3 Nd7 5. e4 e5 6. Be2 Ngf6 7. O-O O-O 8. Re1
h6 9. Bf1 Re8 10. Rb1 exd4 11. Nxd4 Nc5 12. f3 a5 13. Ndb5 Bd7 14. Be3 Bxb5 15.
Nxb5 Nfd7 16. Qd2 Kh7 17. Rbd1 b6 18. b3 Qc8 19. Bd4 Bxd4+ 20. Qxd4 Ne6 21. Qd2
g5 22. g3 Ne5 23. Bg2 Rg8 24. Kh1 Qd8 25. Rf1 Rc8 26. h3 Ng6 27. Nc3 Qf6 28.
Nd5 Qg7 29. Qe3 h5 30. Rd2 Kh8 31. f4 gxf4 32. gxf4 Nh4 33. Qf2 Qg3 34. f5 Nxg2
35. Qxg2 Qh4 36. fxe6 Rxg2 37. Rxg2 fxe6 38. Nf4 Kh7 39. Kh2 Rg8 40. Rxg8 Kxg8
41. Nxe6 Kh7 42. Rf5 Kh6 43. Ng5 Qe1 44. Nf7+ Kg6 45. Ng5 Qd2+ 46. Kg3 Qxa2 47.
Ne6 Qxb3+ 48. Kh4 Qxc4 49. Nf4+ Kh7 50. Kxh5 Qxe4 51. Kg5 Qe7+ 52. Kg4 a4 53.
Nd5 Qe6 54. h4 a3 55. Nf6+ Kh8 0-1

[Event "SC Noris-Tarrasch N 1873 e.V. 3-SG Büche"]
[Site "?"]
[Date "2012.10.21"]
[Round "2.2"]
[White "Wulfmeyer, Johannes"]
[Black "Häckler, Daniel"]
[Result "0-1"]
[WhiteElo "2117"]
[BlackElo "2074"]
[PlyCount "102"]
[EventDate "2012.??.??"]
[WhiteTeam "SC Noris-Tarrasch N 1873 e.V. 3"]
[BlackTeam "SG Büchenbach/Roth e.V. 1"]

1. c4 e5 2. g3 Nf6 3. Bg2 Nc6 4. Nc3 Bb4 5. Nd5 Bc5 6. e3 d6 7. a3 Nxd5 8. cxd5
Ne7 9. Ne2 O-O 10. O-O Bg4 11. h3 Bh5 12. g4 Bg6 13. d4 Bb6 14. f4 f6 15. Kh1
Qd7 16. f5 Bf7 17. Nc3 Rfd8 18. b4 c6 19. dxc6 bxc6 20. Bb2 Rac8 21. Rc1 a5 22.
Qd3 Qa7 23. Rfd1 c5 24. Nb5 Qa6 25. bxa5 Bxa5 26. a4 c4 27. Qa3 Nd5 28. e4 Nf4
29. d5 Nd3 30. Rc2 Bb4 31. Qa2 Be8 32. Bc3 Bxb5 33. axb5 Qxa2 34. Rxa2 Bxc3 35.
Bf1 Bd4 36. Bxd3 cxd3 37. Rxd3 Rc1+ 38. Kg2 Rb1 39. Kf3 Rxb5 40. Rda3 Rb7 41.
h4 Rdb8 42. g5 Kf7 43. Kg4 Rb1 44. Kh5 g6+ 45. Kh6 gxf5 46. exf5 fxg5 47. Kxg5
Rg1+ 48. Kh5 Rf1 49. Rg2 Rxf5+ 50. Kh6 Rg8 51. Rc2 Rg6+ 0-1

[Event "SC Noris-Tarrasch N 1873 e.V. 3-SG Büche"]
[Site "?"]
[Date "2012.10.21"]
[Round "2.3"]
[White "Margraf, Matthias"]
[Black "Seeger, Peter"]
[Result "1/2-1/2"]
[WhiteElo "1969"]
[BlackElo "2029"]
[PlyCount "108"]
[EventDate "2012.??.??"]
[WhiteTeam "SG Büchenbach/Roth e.V. 1"]
[BlackTeam "SC Noris-Tarrasch N 1873 e.V. 3"]

1. e4 c5 2. c3 d5 3. exd5 Qxd5 4. d4 g6 5. Be3 cxd4 6. cxd4 Bg7 7. Nc3 Qd8 8.
Qb3 Nh6 9. Rd1 Nf5 10. Nf3 O-O 11. Ne4 Nc6 12. d5 Na5 13. Qb4 Nxe3 14. fxe3 b6
15. Ng3 Bb7 16. e4 Qd6 17. Qxd6 exd6 18. e5 Rac8 19. Ne4 dxe5 20. b4 Nc4 21.
Bxc4 Rxc4 22. Nd6 Rc7 23. O-O Rd8 24. Nxb7 Rxb7 25. Rc1 Rxd5 26. Rc8+ Bf8 27.
Ng5 f5 28. Rfc1 h6 29. Ne6 Rf7 30. Re8 Rd6 31. Rcc8 Rxe6 32. Rxe6 Kg7 33. Rcc6
g5 34. Rxh6 Bxb4 35. Rcg6+ Kf8 36. Rh8+ Ke7 37. Rb8 Bc5+ 38. Kf1 g4 39. Rh6 a5
40. h4 gxh3 41. gxh3 f4 42. h4 Rf6 43. Re8+ Kxe8 44. Rxf6 Ke7 45. Rg6 f3 46.
Rg4 Kf6 47. h5 Kf5 48. h6 Kxg4 49. h7 e4 50. h8=Q e3 51. Qg7+ Kf4 52. a3 e2+
53. Ke1 Bxa3 54. Qd4+ Kg3 1/2-1/2

[Event "SC Noris-Tarrasch N 1873 e.V. 3-SG Büche"]
[Site "?"]
[Date "2012.10.21"]
[Round "2.4"]
[White "Reiser, Wolfgang"]
[Black "Braun, Michael"]
[Result "1/2-1/2"]
[WhiteElo "2014"]
[BlackElo "1896"]
[PlyCount "76"]
[EventDate "2012.??.??"]
[WhiteTeam "SC Noris-Tarrasch N 1873 e.V. 3"]
[BlackTeam "SG Büchenbach/Roth e.V. 1"]

1. c4 e6 2. g3 d5 3. Bg2 Nf6 4. Nf3 c6 5. b3 Nbd7 6. O-O Bd6 7. Nc3 O-O 8. d3
e5 9. cxd5 cxd5 10. Bb2 Re8 11. Rc1 Nb6 12. Nb5 Bb8 13. Qc2 Re6 14. a4 Bd7 15.
Na3 Bd6 16. Qd2 Re8 17. Nh4 Qe7 18. Nc2 Rac8 19. e4 dxe4 20. dxe4 Red8 21. a5
Na8 22. Ne3 Bb4 23. Nd5 Nxd5 24. Qxd5 Rxc1 25. Rxc1 Bc6 26. Qxe5 Qxe5 27. Bxe5
Bxa5 28. Nf5 f6 29. Ne7+ Kf7 30. Nxc6 bxc6 31. Bf4 Nc7 32. Rxc6 Ne6 33. Be3 Nd4
34. Bxd4 Rxd4 35. Rc1 Rd2 36. Bf1 Bb6 37. Bc4+ Ke7 38. Rf1 Kd6 1/2-1/2

[Event "SC Noris-Tarrasch N 1873 e.V. 3-SG Büche"]
[Site "?"]
[Date "2012.10.21"]
[Round "2.5"]
[White "Kuhlemann, Alexander"]
[Black "Krauß, Hermann"]
[Result "0-1"]
[WhiteElo "1906"]
[BlackElo "1987"]
[PlyCount "94"]
[EventDate "2012.??.??"]
[WhiteTeam "SG Büchenbach/Roth e.V. 1"]
[BlackTeam "SC Noris-Tarrasch N 1873 e.V. 3"]

1. f4 c5 2. Nf3 g6 3. e4 Nc6 4. Nc3 Bg7 5. Bc4 a6 6. a4 d6 7. O-O e6 8. d3 Nge7
9. Ba2 O-O 10. Be3 Nd4 11. Bxd4 cxd4 12. Ne2 Bd7 13. Bb3 Qa5 14. Kh1 Nc6 15.
Rc1 Qb6 16. c3 Na5 17. Bc2 dxc3 18. bxc3 Rac8 19. d4 Nc4 20. Rb1 Qa5 21. Qc1
Rc7 22. Rb4 Bh6 23. Bb3 b5 24. Qa1 Nb6 25. axb5 Qxa1 26. Rxa1 Bxb5 27. Nfg1
Rfc8 28. g3 Nc4 29. Bxc4 Rxc4 30. Rxc4 Bxc4 31. Kg2 Rb8 32. Kf2 Rb2 33. Ke1 g5
34. Ra4 d5 35. exd5 exd5 36. Rb4 Rxb4 37. cxb4 gxf4 38. Nxf4 Bf8 39. Kd2 Bxb4+
40. Kc2 a5 41. Nge2 a4 42. Nc3 Bxc3 43. Kxc3 a3 44. Ng2 Kg7 45. Ne3 Kg6 46. g4
Kg5 47. h3 Kf4 0-1

[Event "SC Noris-Tarrasch N 1873 e.V. 3-SG Büche"]
[Site "?"]
[Date "2012.10.21"]
[Round "2.6"]
[White "Lutzky, Manfred"]
[Black "Adler, Herbert"]
[Result "1/2-1/2"]
[WhiteElo "1923"]
[BlackElo "1902"]
[PlyCount "49"]
[EventDate "2012.??.??"]
[WhiteTeam "SC Noris-Tarrasch N 1873 e.V. 3"]
[BlackTeam "SG Büchenbach/Roth e.V. 1"]

1. e4 e6 2. d4 d5 3. exd5 exd5 4. Bd3 Bd6 5. Qf3 Nc6 6. Ne2 Be6 7. c3 Qd7 8.
Bf4 Nge7 9. Bxd6 Qxd6 10. Nd2 O-O 11. O-O a6 12. Rae1 Rae8 13. Qf4 Qxf4 14.
Nxf4 Nc8 15. Nb3 Nd6 16. Nc5 Nd8 17. Re2 c6 18. Rfe1 Bc8 19. Kf1 Rxe2 20. Rxe2
Re8 21. Rxe8+ Nxe8 22. Ke1 Nd6 23. Kd2 Bf5 24. Bf1 f6 25. Bd3 1/2-1/2

[Event "SC Noris-Tarrasch N 1873 e.V. 3-SG Büche"]
[Site "?"]
[Date "2012.10.21"]
[Round "2.7"]
[White "Kirch, Dietmar"]
[Black "Schmitt, Gunther"]
[Result "0-1"]
[WhiteElo "1997"]
[BlackElo "1899"]
[PlyCount "68"]
[EventDate "2012.??.??"]
[WhiteTeam "SG Büchenbach/Roth e.V. 1"]
[BlackTeam "SC Noris-Tarrasch N 1873 e.V. 3"]

1. e4 c5 2. Nf3 e6 3. d4 cxd4 4. Nxd4 Nf6 5. Nc3 d6 6. Bg5 Nbd7 7. Ndb5 Qa5 8.
Qd2 a6 9. Nd4 b5 10. f3 Bb7 11. Nb3 Qc7 12. O-O-O Be7 13. h4 Rc8 14. Bxb5 axb5
15. Nxb5 Qc4 16. Qd3 Qxd3 17. Rxd3 d5 18. exd5 Nxd5 19. Bxe7 Kxe7 20. Rd2 Nc5
21. Na5 Ba6 22. Na7 Rc7 23. N7c6+ Kf6 24. g4 g6 25. g5+ Kg7 26. Ne5 h6 27. Rdh2
hxg5 28. hxg5 Rxh2 29. Rxh2 Nd3+ 30. Nxd3 Bxd3 31. a3 Ne3 32. c3 Rc5 33. Nb7
Rxg5 34. Rf2 Nc4 0-1

[Event "SC Noris-Tarrasch N 1873 e.V. 3-SG Büche"]
[Site "?"]
[Date "2012.10.21"]
[Round "2.8"]
[White "Neumann, Robert"]
[Black "Dietrich, Jochen"]
[Result "1-0"]
[WhiteElo "1855"]
[BlackElo "1881"]
[PlyCount "57"]
[EventDate "2012.??.??"]
[WhiteTeam "SC Noris-Tarrasch N 1873 e.V. 3"]
[BlackTeam "SG Büchenbach/Roth e.V. 1"]

1. c4 Nf6 2. g3 g6 3. Bg2 Bg7 4. Nf3 O-O 5. O-O c6 6. d4 d5 7. b3 Nbd7 8. Bb2
Ne4 9. Nc3 Nxc3 10. Bxc3 Nf6 11. Rc1 Bf5 12. Ne5 Ne4 13. Ba1 Qa5 14. f3 Nf6 15.
Bc3 Qb6 16. Kh1 Rfd8 17. Qe1 a5 18. e4 Be6 19. exd5 cxd5 20. c5 Qc7 21. Qe2 Nd7
22. f4 Bh6 23. Bd2 Nb8 24. g4 Nc6 25. Nxc6 bxc6 26. f5 Bxd2 27. Qxd2 Bc8 28.
Qh6 Kh8 29. fxg6 1-0

[Event "SK Schwanstetten 79 e.V. 1-SC Erlangen 4"]
[Site "?"]
[Date "2012.10.21"]
[Round "2.1"]
[White "Walter, Thomas"]
[Black "Manthey, Frank"]
[Result "1-0"]
[WhiteElo "2084"]
[BlackElo "2067"]
[PlyCount "143"]
[EventDate "2012.??.??"]
[WhiteTeam "SC Erlangen 48/88 e.V. 2"]
[BlackTeam "SK Schwanstetten 79 e.V. 1"]

1. e4 c5 2. Nf3 Nc6 3. d4 cxd4 4. Nxd4 g6 5. Nc3 Bg7 6. Be3 Nf6 7. Bc4 O-O 8.
Bb3 a5 9. O-O d6 10. Ndb5 a4 11. Nxa4 Nxe4 12. Qe2 Nf6 13. Bb6 Qd7 14. Rad1 Qf5
15. Nc7 Rb8 16. Nc3 Nd7 17. Be3 Nc5 18. Rd5 Qd7 19. Bxc5 Qxc7 20. Nb5 Qa5 21.
Nxd6 Be6 22. Nc4 Qa6 23. Rd2 Rfd8 24. Rfd1 Rxd2 25. Rxd2 b5 26. Na3 Bxb3 27.
cxb3 e6 28. g3 Ne5 29. Bd6 Rd8 30. Bxe5 Rxd2 31. Qxd2 Bxe5 32. Qe2 Bf6 33. Qxb5
Qa8 34. Nc4 Qxa2 35. Qe8+ Kg7 36. Nd6 Qa7 37. Qa4 Bd4 38. Qxa7 Bxa7 39. b4 Kf8
40. b5 Bb8 41. Nc4 e5 42. b6 Ke7 43. b4 Ke6 44. b5 Kd7 45. Kf1 f5 46. Ke2 Kc8
47. Kd3 Kb7 48. Kc3 g5 49. Kb4 e4 50. Kc5 f4 51. Na5+ Kc8 52. b7+ Kc7 53. b6+
Kd7 54. Nc6 Bd6+ 55. Kd5 e3 56. fxe3 fxe3 57. Nd4 h5 58. Nf5 e2 59. Nxd6 e1=Q
60. b8=Q Qe6+ 61. Kd4 Qf6+ 62. Kc5 Qe5+ 63. Kb4 Qb2+ 64. Kc4 Qc2+ 65. Kd4 Qd2+
66. Ke5 Qb2+ 67. Kf5 Qf2+ 68. Kg6 Ke6 69. Qd8 Qc2+ 70. Kh6 g4 71. Qg8+ Kxd6 72.
Qg6+ 1-0

[Event "SK Schwanstetten 79 e.V. 1-SC Erlangen 4"]
[Site "?"]
[Date "2012.10.21"]
[Round "2.2"]
[White "Kroneder, Christian"]
[Black "Götz, Andreas"]
[Result "1/2-1/2"]
[WhiteElo "2014"]
[BlackElo "2037"]
[PlyCount "62"]
[EventDate "2012.??.??"]
[WhiteTeam "SK Schwanstetten 79 e.V. 1"]
[BlackTeam "SC Erlangen 48/88 e.V. 2"]

1. e4 c6 2. d4 d5 3. e5 c5 4. dxc5 Nc6 5. Bb5 e6 6. Be3 Bd7 7. Bxc6 Bxc6 8. Nf3
Ne7 9. c3 Nf5 10. Bd4 Nxd4 11. cxd4 b6 12. cxb6 Qxb6 13. O-O Be7 14. Nbd2 O-O
15. Qb3 Qa6 16. Qe3 Ba4 17. Rfc1 Rab8 18. Nb3 Bxb3 19. axb3 Qb6 20. Qd3 Rfc8
21. g3 Rxc1+ 22. Rxc1 Qxb3 23. Qxb3 Rxb3 24. Rc7 Rxf3 25. Rxe7 Kf8 26. Rxa7 Rb3
27. Ra8+ Ke7 28. Ra7+ Ke8 29. Ra8+ Ke7 30. Ra7+ Ke8 31. Ra8+ Ke7 1/2-1/2

[Event "SK Schwanstetten 79 e.V. 1-SC Erlangen 4"]
[Site "?"]
[Date "2012.10.21"]
[Round "2.3"]
[White "Nehls, Benedikt"]
[Black "Cipra, Lothar"]
[Result "1-0"]
[WhiteElo "1970"]
[BlackElo "1953"]
[PlyCount "73"]
[EventDate "2012.??.??"]
[WhiteTeam "SC Erlangen 48/88 e.V. 2"]
[BlackTeam "SK Schwanstetten 79 e.V. 1"]

1. Nf3 d5 2. c4 e6 3. d4 Nf6 4. Bg5 Be7 5. Nc3 Nbd7 6. cxd5 exd5 7. e3 c6 8.
Bd3 Ne4 9. Bxe7 Qxe7 10. Qc2 f5 11. O-O O-O 12. Rfe1 g5 13. Nd2 g4 14. Ne2 Qh4
15. g3 Qh6 16. Nf4 Ndf6 17. Nxe4 fxe4 18. Bf1 Nh5 19. b4 Nxf4 20. exf4 Rf6 21.
b5 Bd7 22. Qb3 Qh5 23. Rxe4 Qf7 24. Re5 Kg7 25. Rae1 Re8 26. bxc6 Bxc6 27. Qa3
Rxe5 28. Rxe5 Re6 29. Qxa7 Rxe5 30. dxe5 Qf5 31. Qd4 Qb1 32. Kg2 Qxa2 33. e6+
Kg8 34. Qf6 d4+ 35. Kg1 Qa3 36. e7 Qa8 37. Bc4+ 1-0

[Event "SK Schwanstetten 79 e.V. 1-SC Erlangen 4"]
[Site "?"]
[Date "2012.10.21"]
[Round "2.4"]
[White "Arlt, Michael"]
[Black "Petzold, Vinzenz"]
[Result "1-0"]
[WhiteElo "1925"]
[BlackElo "1994"]
[PlyCount "121"]
[EventDate "2012.??.??"]
[WhiteTeam "SK Schwanstetten 79 e.V. 1"]
[BlackTeam "SC Erlangen 48/88 e.V. 2"]

1. d4 Nf6 2. Nf3 g6 3. c4 Bg7 4. Nc3 d5 5. cxd5 Nxd5 6. Qb3 Nb6 7. Bf4 O-O 8.
Rd1 a5 9. g3 a4 10. Qc2 Nc6 11. Bg2 Bg4 12. d5 Bxf3 13. dxc6 Qxd1+ 14. Nxd1
Bxg2 15. cxb7 Bxb7 16. O-O Nd5 17. Bd2 Rfc8 18. Ne3 c5 19. Nxd5 Bxd5 20. a3 Bb3
21. Qc1 c4 22. Bc3 Bxc3 23. Qxc3 Rd8 24. f4 Ra6 25. f5 Rad6 26. Qe3 R8d7 27.
fxg6 hxg6 28. Rf4 Re6 29. Re4 Rxe4 30. Qxe4 e6 31. Kf2 Rd5 32. Qe3 Rf5+ 33. Kg2
Rd5 34. h4 Kg7 35. Qc3+ Kh7 36. Kf3 Rf5+ 37. Kg2 Rd5 38. Kf2 Rf5+ 39. Kg2 Rd5
40. g4 Kg8 41. Kf3 Kh7 42. Qf6 Kg8 43. Ke3 Bc2 44. Qf4 Bb3 45. Qf6 Bc2 46. Qc3
Bb3 47. Kf4 Kh7 48. Qf6 Kg8 49. e4 g5+ 50. hxg5 Rd1 51. Kg3 Rd3+ 52. Kh4 Rd1
53. g6 fxg6 54. Qxe6+ Kf8 55. Qf6+ Ke8 56. e5 Bc2 57. e6 Rh1+ 58. Kg5 Rh7 59.
Kf4 Bd3 60. Ke5 Bc2 61. Kd6 1-0

[Event "SK Schwanstetten 79 e.V. 1-SC Erlangen 4"]
[Site "?"]
[Date "2012.10.21"]
[Round "2.5"]
[White "Brumm, Carsten"]
[Black "Vogt, Peter"]
[Result "1-0"]
[WhiteElo "2119"]
[BlackElo "1885"]
[PlyCount "47"]
[EventDate "2012.??.??"]
[WhiteTeam "SC Erlangen 48/88 e.V. 2"]
[BlackTeam "SK Schwanstetten 79 e.V. 1"]

1. e4 c5 2. Nf3 d6 3. d4 cxd4 4. Nxd4 Nf6 5. Nc3 a6 6. Bg5 e6 7. f4 b5 8. e5
dxe5 9. fxe5 Qc7 10. exf6 Qe5+ 11. Be2 Qxg5 12. Qd3 Bb7 13. Bf3 Ra7 14. Bxb7
Rxb7 15. Ne4 Qe5 16. Nf3 Qxb2 17. O-O Rd7 18. Qe3 g6 19. Rfb1 Qa3 20. Qb6 Rd8
21. Ne5 Bh6 22. Rb3 Qa4 23. Nd6+ Rxd6 24. Qxd6 1-0

[Event "SK Schwanstetten 79 e.V. 1-SC Erlangen 4"]
[Site "?"]
[Date "2012.10.21"]
[Round "2.6"]
[White "Schulz, Wilfried"]
[Black "Dürr, Florian"]
[Result "1-0"]
[WhiteElo "1859"]
[BlackElo "1974"]
[PlyCount "101"]
[EventDate "2012.??.??"]
[WhiteTeam "SK Schwanstetten 79 e.V. 1"]
[BlackTeam "SC Erlangen 48/88 e.V. 2"]

1. e4 e6 2. d3 d5 3. Nd2 Nf6 4. Ngf3 c5 5. g3 Nc6 6. Bg2 Be7 7. O-O O-O 8. c3
Qc7 9. Qe2 b5 10. Re1 a5 11. Nf1 Ba6 12. e5 Nd7 13. Bf4 c4 14. d4 b4 15. h4 a4
16. Bg5 a3 17. Bxe7 Nxe7 18. bxa3 bxc3 19. Qc2 Qa5 20. Re3 Qxa3 21. Rxc3 Qa5
22. g4 Nc6 23. a3 Rfb8 24. Rc1 Rb7 25. Qd2 Rab8 26. Qe3 Nb6 27. Ng3 Na4 28.
R3c2 Rb3 29. Qf4 Rxa3 30. Nh5 Qd8 31. Ng5 Qe7 32. Nf6+ gxf6 33. exf6 Qf8 34.
Re1 Bc8 35. Rxc4 dxc4 36. Bxc6 Rb6 37. Nxh7 Rxc6 38. Nxf8 Kxf8 39. d5 Rc5 40.
Qh6+ Ke8 41. Qh8+ Kd7 42. dxe6+ fxe6 43. f7 Rf5 44. gxf5 Bb7 45. f8=Q Rh3 46.
fxe6+ Kc7 47. Qb8+ Kb6 48. Rb1+ Kc5 49. Qxb7 c3 50. Qe5+ Kc4 51. Qbb5# 1-0

[Event "SK Schwanstetten 79 e.V. 1-SC Erlangen 4"]
[Site "?"]
[Date "2012.10.21"]
[Round "2.7"]
[White "Adelhütte, Dennis"]
[Black "Gstaltmeyr, Karl"]
[Result "1-0"]
[WhiteElo "1924"]
[BlackElo "1695"]
[PlyCount "53"]
[EventDate "2012.??.??"]
[WhiteTeam "SC Erlangen 48/88 e.V. 2"]
[BlackTeam "SK Schwanstetten 79 e.V. 1"]

1. d4 d5 2. c4 e6 3. Nc3 Nf6 4. e3 c6 5. Nf3 Bd6 6. Bd3 Nbd7 7. e4 dxe4 8. Nxe4
Nxe4 9. Bxe4 Nf6 10. Bd3 Bb4+ 11. Bd2 Qe7 12. O-O Bxd2 13. Qxd2 O-O 14. Rfe1
Rd8 15. Rad1 Kf8 16. b4 b6 17. Qc3 a5 18. a3 Bb7 19. Bc2 Qc7 20. Ng5 h6 21. Nf3
Rd6 22. Ne5 axb4 23. axb4 b5 24. cxb5 Nd5 25. Qc5 cxb5 26. Be4 Qb6 27. Nd7+ 1-0

[Event "SK Schwanstetten 79 e.V. 1-SC Erlangen 4"]
[Site "?"]
[Date "2012.10.21"]
[Round "2.8"]
[White "Arlt, Birgit"]
[Black "Weiß, Markus"]
[Result "1/2-1/2"]
[WhiteElo "1611"]
[BlackElo "1864"]
[PlyCount "121"]
[EventDate "2012.??.??"]
[WhiteTeam "SK Schwanstetten 79 e.V. 1"]
[BlackTeam "SC Erlangen 48/88 e.V. 2"]

1. e4 e6 2. d4 d5 3. exd5 exd5 4. Bd3 Bd6 5. Nf3 Nc6 6. O-O Bg4 7. c3 Qd7 8.
Be3 Nf6 9. Nbd2 h6 10. Re1 Ne7 11. Qc2 c6 12. a4 Qc7 13. h3 Be6 14. Rac1 O-O
15. Ne5 Nd7 16. Ndf3 Bxe5 17. Nxe5 Nxe5 18. dxe5 c5 19. Qd2 Rfd8 20. Kh1 Nf5
21. Bxf5 Bxf5 22. Bf4 Qc6 23. b3 Rd7 24. Qe2 Rad8 25. Be3 Bxh3 26. gxh3 d4+ 27.
Kh2 dxe3 28. Qxe3 Rd3 29. Qf4 Qe6 30. Qg4 Qxb3 31. e6 fxe6 32. Rg1 R3d7 33. Rg3
Qd5 34. Re1 Qf5 35. Rxe6 Qxg4 36. Rxg4 Rf7 37. Kg3 Rd3+ 38. Re3 Rxe3+ 39. fxe3
Rf5 40. Rg6 Kf7 41. Rd6 Ke7 42. Rg6 Kf7 43. Rd6 Rg5+ 44. Kf4 Ke7 45. Rd3 Ke6
46. e4 Rh5 47. Kg4 c4 48. Rd4 Rc5 49. Kf4 g6 50. h4 a6 51. e5 g5+ 52. hxg5
hxg5+ 53. Kxg5 Rxe5+ 54. Kf4 b5 55. axb5 axb5 56. Re4 Rxe4+ 57. Kxe4 Kd6 58.
Kd4 Kc6 59. Ke3 Kd5 60. Kd2 Ke4 61. Ke2 1/2-1/2

[Event "SW Nürnberg Süd e.V. 3-SC Postbauer-Heng"]
[Site "?"]
[Date "2012.10.21"]
[Round "2.1"]
[White "Bauer, Andreas"]
[Black "Luther, Helmut"]
[Result "1-0"]
[WhiteElo "2088"]
[BlackElo "1953"]
[PlyCount "51"]
[EventDate "2012.??.??"]
[WhiteTeam "SC Postbauer-Heng e.V. 1"]
[BlackTeam "SW Nürnberg Süd e.V. 3"]

1. e4 d5 2. exd5 Qxd5 3. Nc3 Qd6 4. d4 Nf6 5. Nf3 g6 6. Ne5 Bg7 7. Bf4 Qd8 8.
Bc4 O-O 9. O-O c6 10. h3 Nbd7 11. Re1 Nb6 12. Bb3 Nbd5 13. Nxd5 cxd5 14. Qd2
Bd7 15. Nxd7 Qxd7 16. c3 Rac8 17. f3 Rfe8 18. a4 a5 19. Bc2 b5 20. axb5 Ra8 21.
Ba4 Qb7 22. b6 Rf8 23. Bc7 e6 24. Qe2 Ne8 25. Bxe8 Rfxe8 26. Qb5 1-0

[Event "SW Nürnberg Süd e.V. 3-SC Postbauer-Heng"]
[Site "?"]
[Date "2012.10.21"]
[Round "2.2"]
[White "Thürauf, Peter"]
[Black "Röber, Jürgen"]
[Result "1/2-1/2"]
[WhiteElo "1851"]
[BlackElo "2066"]
[PlyCount "83"]
[EventDate "2012.??.??"]
[WhiteTeam "SW Nürnberg Süd e.V. 3"]
[BlackTeam "SC Postbauer-Heng e.V. 1"]

1. d4 Nf6 2. Nf3 d5 3. c4 e6 4. Nc3 Be7 5. Bg5 h6 6. Bh4 O-O 7. e3 b6 8. cxd5
exd5 9. Bd3 Bb7 10. O-O Nbd7 11. Rc1 c5 12. Re1 Ne4 13. Bxe7 Qxe7 14. Bb5 Ndf6
15. Ne5 c4 16. Nxe4 Nxe4 17. f3 Nd6 18. Bc6 Bxc6 19. Nxc6 Qe8 20. Ne5 f6 21.
Ng4 f5 22. Ne5 Rf6 23. Qd2 a5 24. Qc2 b5 25. b3 Nf7 26. bxc4 dxc4 27. f4 Nd6
28. a4 Rc8 29. axb5 Qxb5 30. Qa2 Kh7 31. Rb1 Qa6 32. Nd7 Rf7 33. Nc5 Qa8 34.
Rb6 Ne4 35. Qxc4 Rfc7 36. Qe6 Nxc5 37. Qxf5+ Kh8 38. dxc5 Rxc5 39. Rxh6+ gxh6
40. Qf6+ Kh7 41. Qf7+ Kh8 42. Qf6+ 1/2-1/2

[Event "SW Nürnberg Süd e.V. 3-SC Postbauer-Heng"]
[Site "?"]
[Date "2012.10.21"]
[Round "2.3"]
[White "Sippl, Martin"]
[Black "Billmann, Andreas"]
[Result "1-0"]
[WhiteElo "1989"]
[BlackElo "1915"]
[PlyCount "97"]
[EventDate "2012.??.??"]
[WhiteTeam "SC Postbauer-Heng e.V. 1"]
[BlackTeam "SW Nürnberg Süd e.V. 3"]

1. d4 f5 2. e4 fxe4 3. Nc3 Nf6 4. Bg5 e6 5. Nxe4 Be7 6. Ng3 c6 7. c3 b5 8. Bd3
d6 9. Qc2 h6 10. Bg6+ Kd7 11. Bxf6 Bxf6 12. Nf3 a5 13. Rd1 Na6 14. Ne5+ Bxe5
15. dxe5 d5 16. Ne4 Ke7 17. O-O Rf8 18. Nd6 Qb6 19. Bh5 Qc7 20. Qg6 Kd8 21. Rd3
Qe7 22. Nf7+ Rxf7 23. Qxf7 Qxf7 24. Bxf7 Ke7 25. Rf3 Bd7 26. Bg6 Rf8 27. Rxf8
Kxf8 28. Re1 Be8 29. Bxe8 Kxe8 30. Kf1 Ke7 31. Ke2 Nb8 32. f4 Nd7 33. Kd3 Nb6
34. b3 c5 35. g4 Kd7 36. f5 Ke7 37. Re2 Kf7 38. Ke3 Nd7 39. Kf4 Nb6 40. h4 Nd7
41. g5 Nf8 42. gxh6 gxh6 43. f6 Ng6+ 44. Kg4 c4 45. h5 Nf8 46. bxc4 dxc4 47.
Rd2 b4 48. cxb4 axb4 49. Rd4 1-0

[Event "SW Nürnberg Süd e.V. 3-SC Postbauer-Heng"]
[Site "?"]
[Date "2012.10.21"]
[Round "2.5"]
[White "Grimm, Pascal"]
[Black "Stolpynskyy, Mark"]
[Result "1-0"]
[WhiteElo "1898"]
[BlackElo "1950"]
[PlyCount "111"]
[EventDate "2012.??.??"]
[WhiteTeam "SC Postbauer-Heng e.V. 1"]
[BlackTeam "SW Nürnberg Süd e.V. 3"]

1. g3 d5 2. Bg2 Nf6 3. d3 c6 4. Nd2 Bg4 5. Ngf3 Nbd7 6. O-O e6 7. c3 Be7 8. Qc2
O-O 9. e4 dxe4 10. dxe4 Qc7 11. Nc4 e5 12. Ne3 Bxf3 13. Bxf3 Rfe8 14. Nf5 Bf8
15. Be3 Bc5 16. Rfd1 Bxe3 17. Nxe3 Rad8 18. Nf5 Nf8 19. Be2 Ne6 20. Bc4 Nc5 21.
f3 b5 22. Be2 g6 23. Nh4 Kg7 24. Ng2 Ne6 25. Rxd8 Rxd8 26. Rd1 Qb6+ 27. Kf1
Rxd1+ 28. Qxd1 Ng5 29. Qd2 h6 30. h4 Ne6 31. Qd6 Qc5 32. Qxc5 Nxc5 33. Ne3 Na4
34. Nd1 Kf8 35. b3 Nb6 36. Nb2 Ke7 37. c4 a6 38. Nd3 Nfd7 39. Nb4 Nb8 40. Nd3
bxc4 41. Nxe5 cxb3 42. axb3 Ke6 43. f4 a5 44. Kf2 c5 45. Bb5 g5 46. Ke3 gxh4
47. gxh4 f6 48. Nc4 Nxc4+ 49. Bxc4+ Kd6 50. Bb5 c4 51. bxc4 Kc5 52. Kd3 Kb4 53.
e5 fxe5 54. fxe5 a4 55. e6 Kb3 56. Bxa4+ 1-0

[Event "SW Nürnberg Süd e.V. 3-SC Postbauer-Heng"]
[Site "?"]
[Date "2012.10.21"]
[Round "2.6"]
[White "Siptitz, Friedrich"]
[Black "Nägelein, Andreas"]
[Result "0-1"]
[WhiteElo "1933"]
[BlackElo "1940"]
[PlyCount "88"]
[EventDate "2012.??.??"]
[WhiteTeam "SW Nürnberg Süd e.V. 3"]
[BlackTeam "SC Postbauer-Heng e.V. 1"]

1. d4 g6 2. c4 Bg7 3. Nc3 d6 4. e4 Nc6 5. Be3 e5 6. Nge2 Nf6 7. h3 O-O 8. d5
Ne7 9. Qd2 Ne8 10. g4 f5 11. gxf5 gxf5 12. f3 Ng6 13. O-O-O f4 14. Bf2 Bf6 15.
Kb1 Bh4 16. Bg1 Ng7 17. c5 Nh5 18. cxd6 cxd6 19. Qc2 Bd7 20. Rc1 Ng3 21. Rh2
Nxf1 22. Rxf1 Bg3 23. Rh1 h5 24. Qb3 b5 25. Rc1 Nh4 26. Nd1 a5 27. Qd3 Rc8 28.
Rxc8 Qxc8 29. Bb6 Qa6 30. Bf2 Bxf2 31. Nxf2 Qb6 32. Nd1 b4 33. Nc1 Kh7 34. Qe2
Rg8 35. Rh2 Rg1 36. Nf2 Bb5 37. Nfd3 Qd4 38. Kc2 a4 39. Qf2 Qc4+ 40. Kd2 b3 41.
axb3 axb3 42. Ne1 Qb4+ 43. Kd1 Nxf3 44. Qa7+ Kh6 0-1

[Event "SW Nürnberg Süd e.V. 3-SC Postbauer-Heng"]
[Site "?"]
[Date "2012.10.21"]
[Round "2.7"]
[White "Ceglar, Michael"]
[Black "Pidtoptanyy, Igor"]
[Result "1-0"]
[WhiteElo "1873"]
[BlackElo "1879"]
[PlyCount "45"]
[EventDate "2012.??.??"]
[WhiteTeam "SC Postbauer-Heng e.V. 1"]
[BlackTeam "SW Nürnberg Süd e.V. 3"]

1. e4 e6 2. d4 d5 3. exd5 exd5 4. Nf3 Nf6 5. Be2 Bd6 6. Bg5 O-O 7. O-O Bf5 8.
Nc3 c6 9. Ne5 Be7 10. Bd3 Bxd3 11. Qxd3 Nbd7 12. Rae1 Re8 13. Re2 Nf8 14. Rfe1
Ne6 15. Nxf7 Kxf7 16. Rxe6 Qd7 17. Qf5 Kg8 18. Kf1 Qc7 19. Bxf6 gxf6 20. R1e3
Rad8 21. Qh5 Qd7 22. Rg3+ Kh8 23. Qf7 1-0

[Event "SW Nürnberg Süd e.V. 3-SC Postbauer-Heng"]
[Site "?"]
[Date "2012.10.21"]
[Round "2.8"]
[White "Hintyes, Helmuth"]
[Black "Stürmer, Martin"]
[Result "1/2-1/2"]
[WhiteElo "1904"]
[BlackElo "1819"]
[PlyCount "83"]
[EventDate "2012.??.??"]
[WhiteTeam "SW Nürnberg Süd e.V. 3"]
[BlackTeam "SC Postbauer-Heng e.V. 1"]

1. c4 Nf6 2. d4 e6 3. Nc3 d5 4. Nf3 Be7 5. Bg5 Nbd7 6. cxd5 exd5 7. e3 O-O 8.
Bd3 c6 9. O-O Ne4 10. Bxe4 Bxg5 11. Bc2 Be7 12. Qd3 g6 13. a3 Nf6 14. Ne5 Bf5
15. Qe2 Bxc2 16. Qxc2 Nh5 17. Rad1 Ng7 18. e4 dxe4 19. Qxe4 Bd6 20. f4 Bxe5 21.
dxe5 Qb6+ 22. Rf2 Rad8 23. Rxd8 Rxd8 24. Qb4 Qxb4 25. axb4 Nf5 26. g4 Ne3 27.
h3 Nd1 28. Nxd1 Rxd1+ 29. Kg2 Rd4 30. Kf3 Kf8 31. h4 Ke7 32. h5 Rxb4 33. hxg6
hxg6 34. Rd2 a5 35. f5 gxf5 36. gxf5 a4 37. Ke3 c5 38. Rh2 a3 39. bxa3 Rb3+ 40.
Ke4 Rxa3 41. Kd5 Rd3+ 42. Kxc5 1/2-1/2

[Event "SW Nürnberg Süd e.V. 2-Schachzentrum Für"]
[Site "?"]
[Date "2012.10.21"]
[Round "2.1"]
[White "Schatz, Christian"]
[Black "Redzepovic, Irfan"]
[Result "1/2-1/2"]
[WhiteElo "2160"]
[BlackElo "2094"]
[PlyCount "21"]
[EventDate "2012.??.??"]
[WhiteTeam "Schachzentrum Fürth 2002 1"]
[BlackTeam "SW Nürnberg Süd e.V. 2"]

1. f4 Nf6 2. Nf3 c5 3. g3 g6 4. Bg2 Bg7 5. O-O Nc6 6. d3 d5 7. Nc3 d4 8. Ne4
Nxe4 9. dxe4 Qb6 10. h3 Bd7 11. Kh2 1/2-1/2